La lactancia de tu bebe / (Registro nro. 9091)

Detalles MARC
000 -LEADER
fixed length control field 00614nam a22002057a 4500
001 - CONTROL NUMBER
control field 0074
003 - CONTROL NUMBER IDENTIFIER
control field DO-SdBNP
005 - DATE AND TIME OF LATEST TRANSACTION
control field 20180222145005.0
007 - PHYSICAL DESCRIPTION FIXED FIELD--GENERAL INFORMATION
fixed length control field 0074
008 - FIXED-LENGTH DATA ELEMENTS--GENERAL INFORMATION
fixed length control field 151210b 1991 cu ||||| |||| 00| 0 spa d
040 ## - CATALOGING SOURCE
Original cataloging agency BPMSU
Language of cataloging spa
Transcribing agency BPMSU
100 1# - MAIN ENTRY--PERSONAL NAME
Personal name Valamaña Montaves, Ileana
245 10 - TITLE STATEMENT
Title La lactancia de tu bebe /
Statement of responsibility, etc. Ileana Valmaña Montaves ; edición Ana Alicia Vázquez.
260 ## - PUBLICATION, DISTRIBUTION, ETC. (IMPRINT)
Place of publication, distribution, etc. Santiago de Cuba :
Name of publisher, distributor, etc. Oriente,
Date of publication, distribution, etc. 1991.
300 ## - PHYSICAL DESCRIPTION
Materials specified 48 p. ;
Dimensions 18 cm.
700 12 - ADDED ENTRY--PERSONAL NAME
Personal name Vázquez N., Ana Alicia,
Relator term edición
942 ## - ADDED ENTRY ELEMENTS (KOHA)
Source of classification or shelving scheme Dewey Decimal Classification
Koha item type Libros
945 ## - LOCAL PROCESSING INFORMATION (OCLC)
a Inventariado, 2018 /LP
956 ## - LOCAL ELECTRONIC LOCATION AND ACCESS (OCLC)
Host name BTAVÁREZ
Access number 10
Compression information 20151210
Path 0074
Existencias
Withdrawn status Lost status Source of classification or shelving scheme Damaged status Not for loan Collection code Home library Current library Date acquired Source of acquisition Total Checkouts Barcode Date last seen Price effective from Koha item type
    Dewey Decimal Classification     Colección Infantil General Biblioteca Pública Metropolitana Salomé Ureña Biblioteca Pública Metropolitana Salomé Ureña 12/10/2015 Donación   BPMSU15120128 12/10/2015 12/10/2015 Libros